Statistics for Countries Closest to Barbados - One Minute Sprint

Click here to take the quiz!

General Stats

  • This quiz has been taken 76 times
  • The average score is 15 of 20

Answer Stats

kmcountrymiles% Correct
158Saint Vincent and
the Grenadines
98
95%
276Dominica172
94%
201Grenada125
94%
145Saint Lucia90
94%
525Saint Kitts and Nevis326
92%
1722Cuba1070
85%
217Trinidad and Tobago135
85%
1097Dominican Republic682
84%
357Venezuela222
82%
1252Colombia778
81%
1844Jamaica1146
81%
1669Bahamas1037
76%
1401Haiti870
76%
507Guyana315
74%
467Antigua and Barbuda290
73%
869Brazil540
69%
833Suriname517
68%
2001Panama1243
61%
2269Ecuador1410
32%
2112Peru1312
26%

Score Distribution

Percentile by Number Answered

Percent of People with Each Score

Your Score History

You have not taken this quiz